Eliminación por categoría - Países #1 - Estadísticas

Estadísticas generales
  • Esta prueba ha sido intentada 19.229 veces
  • La puntuación promedio es 15 de 20
Estadísticas de respuestas
Grupo # Categoría
% Correcto
Verde 54 Países de África
100%
Verde 22 ... que terminen con la letra A
98%
Verde 9 ... con más de 20M de habitantes
97%
Verde 5 ... una superficie de 900.000km² o más
94%
Naranja 158 Países de una palabra
90%
Naranja 81 ... en Europa o Asia
90%
Naranja 44 ... con menos de 10M de habitantes
89%
Azul 93 Países con al menos 10M de habitantes
85%
Azul 64 ... no en Asia
85%
Azul 19 ... que termina en las letras IA
82%
Morado 108 Países que empiezan con una letra anterior a la M
77%
Morado 27 ... en Europa
76%
Morado 18 ... con menos de 10 millones de personas
74%
Naranja 13 ... cuyo nombre termina en consonante
72%
Azul 9 ... tiene exactamente 7 letras
69%
Morado 5 ... con una superficie menor a 20.000 km²
68%
Morado 1 ... y que no termine ni en N ni en O Andorra
45%
Verde 1 ... y que no tenga salida al mar Etiopía
44%
Naranja 1 ... y su elevación máxima es de 7.500m+ Bután
42%
Azul 1 ... y que pase el ecuador a través de él Somalia
21%
No se encontraron pruebas coincidentes
Distribución de puntuación
Porcentaje de gente con cada puntuación
Porcentaje por número respondido
Historial de tus puntuaciones
No has intentado esta prueba.